[Event "NZL-ch op-B 130th"]
[Site "Wellington"]
[Date "2023.01.09"]
[Round "8"]
[White "Hookings, Jonathon"]
[Black "Aldridge, Alan L"]
[Result "1-0"]
[WhiteElo "1584"]
[BlackElo "1760"]
[PlyCount "77"]
[EventDate "2023.01.02"]
[EventType "swiss"]
[EventRounds "9"]
[EventCountry "NZL"]
[SourceTitle "CBM 212 Extra"]
[Source "ChessBase"]
[SourceDate "2023.03.31"]
[SourceVersion "1"]
[SourceVersionDate "2023.03.31"]
[SourceQuality "1"]

1. d4 Nf6 2. Nc3 d5 3. Bf4 Bf5 4. f3 Bg6 5. g4 e6 6. h4 h6 7. e3 a6 8. Bd3 Bxd3 9. Qxd3 Bd6 10. Nge2 Nc6 11. 0-0-0 Bxf4 12. Nxf4 Qd6 13. g5 Nd7 14. g6 f5 15. Nh5 0-0-0 16. e4 Nb4 17. Qe2 Nb6 18. Rhg1 Rhg8 19. Qd2 Nc4 20. Qf4 Qb6 21. b3 Na3 22. Rg2 dxe4 23. fxe4 Rxd4 24. Rgd2 Rgd8 25. Nxg7 Naxc2 26. exf5 exf5 27. Nxf5 Rxd2 28. Rxd2 Qg1+ 29. Nd1 Nd3+ 30. Rxd3 Rxd3 31. Ne7+ Kb8 32. Qf8+ Ka7 33. Qf2+ Qxf2 34. Nxf2 Rc3 35. Kb2 Rg3 36. Kxc2 Rg2 37. Kc3 Rxf2 38. g7 Rf7 39. Nc8+ 1-0

[Event "NZL-ch op-B 130th"]
[Site "Wellington"]
[Date "2023.01.08"]
[Round "7"]
[White "Aldridge, Alan L"]
[Black "Xing, Zeqi"]
[Result "1-0"]
[WhiteElo "1760"]
[BlackElo "1220"]
[PlyCount "51"]
[EventDate "2023.01.02"]
[EventType "swiss"]
[EventRounds "9"]
[EventCountry "NZL"]
[SourceTitle "CBM 212 Extra"]
[Source "ChessBase"]
[SourceDate "2023.03.31"]
[SourceVersion "1"]
[SourceVersionDate "2023.03.31"]
[SourceQuality "1"]

1. d4 Nf6 2. c4 g6 3. Bg5 Bg7 4. Nc3 0-0 5. Nf3 d6 6. g3 c5 7. Bg2 h6 8. Be3 Ng4 9. 0-0 Nxe3 10. fxe3 Nc6 11. d5 Ne5 12. Nxe5 Bxe5 13. Qc2 Bf5 14. Rxf5 gxf5 15. Qxf5 Qc8 16. Qh5 Bg7 17. Rf1 a6 18. g4 Qd7 19. Be4 f6 20. Qg6 Rfb8 21. h4 b5 22. Bf5 Qd8 23. Qh7+ Kf8 24. Be6 Ke8 25. Qg8+ Bf8 26. Qf7# 1-0

[Event "North Island-ch"]
[Site "Wellington"]
[Date "2021.04.03"]
[Round "4"]
[White "Aldridge, Alan L"]
[Black "Benitez, Edgar"]
[Result "0-1"]
[WhiteElo "1780"]
[BlackElo "1795"]
[PlyCount "36"]
[EventDate "2021.04.02"]
[EventType "swiss"]
[EventRounds "8"]
[EventCountry "NZL"]
[SourceTitle "EXT 2024"]
[Source "ChessBase"]
[SourceDate "2023.10.10"]
[SourceVersion "1"]
[SourceVersionDate "2023.10.10"]
[SourceQuality "1"]

1. e4 e5 2. Nf3 Nc6 3. Bc4 Bc5 4. c3 Nf6 5. 0-0 0-0 6. d4 exd4 7. cxd4 Bb6 8. e5 d5 9. exf6 dxc4 10. fxg7 Re8 11. d5 Nb4 12. Nc3 Bg4 13. h3 Bh5 14. Qa4 Bxf3 15. Qxb4 Qh4 16. Be3 Rxe3 17. fxe3 Bxe3+ 18. Kh1 Qxh3# 0-1

[Event "Reykjavik op"]
[Site "Reykjavik"]
[Date "2019.04.11"]
[Round "5"]
[White "Aldridge, Alan L"]
[Black "Johannessen, Heine N"]
[Result "1-0"]
[WhiteElo "1852"]
[BlackElo "1636"]
[PlyCount "69"]
[EventDate "2019.04.08"]
[EventType "swiss"]
[EventRounds "9"]
[EventCountry "ISL"]
[SourceTitle "CBM 189 Extra"]
[Source "ChessBase"]
[SourceDate "2019.06.03"]
[SourceVersion "1"]
[SourceVersionDate "2019.06.03"]
[SourceQuality "1"]

1. d4 Nf6 2. c4 g6 3. Nc3 d5 4. Nf3 Bg7 5. e3 0-0 6. cxd5 Nxd5 7. Qb3 Nb6 8. Be2 c5 9. 0-0 cxd4 10. exd4 Be6 11. Qd1 Nc6 12. Be3 h6 13. b3 Bg4 14. Rc1 Bxf3 15. Bxf3 Nxd4 16. Bxb7 Rb8 17. Be4 Ne6 18. Ne2 Qxd1 19. Rfxd1 Rfd8 20. g3 Rxd1+ 21. Rxd1 Rd8 22. Rxd8+ Nxd8 23. Nd4 Bxd4 24. Bxd4 Ne6 25. Be3 Kg7 26. a4 Nd8 27. Bd3 Nc6 28. Bb5 Nb4 29. a5 N6d5 30. Bxa7 Kf6 31. Bb8 e5 32. a6 Nb6 33. Bc7 Na8 34. Ba5 Nd5 35. Bc6 1-0

[Event "Reykjavik op"]
[Site "Reykjavik"]
[Date "2019.04.09"]
[Round "2"]
[White "Maisuradze, Nino"]
[Black "Aldridge, Alan L"]
[Result "1-0"]
[WhiteElo "2168"]
[BlackElo "1852"]
[PlyCount "53"]
[EventDate "2019.04.08"]
[EventType "swiss"]
[EventRounds "9"]
[EventCountry "ISL"]
[SourceTitle "CBM 189 Extra"]
[Source "ChessBase"]
[SourceDate "2019.06.03"]
[SourceVersion "1"]
[SourceVersionDate "2019.06.03"]
[SourceQuality "1"]

1. d4 Nf6 2. Nf3 e6 3. Bg5 h6 4. Bh4 Be7 5. e3 c5 6. c3 cxd4 7. exd4 b6 8. Nbd2 Bb7 9. Bd3 0-0 10. Bxf6 Bxf6 11. Qe2 d6 12. h4 Re8 13. 0-0-0 Nd7 14. Ne4 Bxe4 15. Qxe4 Nf8 16. g4 e5 17. Bb5 d5 18. Qe3 Nd7 19. dxe5 a6 20. Bxd7 Qxd7 21. g5 hxg5 22. hxg5 Bd8 23. Qd3 g6 24. Qd4 Qf5 25. e6 Bxg5+ 26. Nxg5 Qxg5+ 27. f4 1-0

[Event "Wellington op"]
[Site "Wellington"]
[Date "2018.03.31"]
[Round "5"]
[White "Aldridge, Alan L"]
[Black "Dive, Russell John"]
[Result "0-1"]
[WhiteElo "1872"]
[BlackElo "2318"]
[PlyCount "50"]
[EventDate "2018.03.30"]
[EventType "swiss"]
[EventRounds "6"]
[EventCountry "NZL"]
[SourceTitle "EXT 2019"]
[Source "ChessBase"]
[SourceDate "2018.10.10"]
[SourceVersion "1"]
[SourceVersionDate "2018.10.10"]
[SourceQuality "1"]

1. e4 Nf6 2. e5 Nd5 3. d4 d6 4. exd6 cxd6 5. Nf3 g6 6. c4 Nb6 7. h3 Bg7 8. Nc3 0-0 9. Bd3 Nc6 10. Be3 d5 11. c5 Nc4 12. Qe2 Nxe3 13. fxe3 e5 14. dxe5 Nxe5 15. 0-0-0 Qa5 16. Nd4 Qxc5 17. g4 a6 18. Kb1 Rd8 19. Nb3 Qe7 20. Bc2 Be6 21. Qg2 Nc4 22. Rhe1 Qg5 23. Qf3 Rac8 24. Nd4 b5 25. Rd3 Ne5 0-1

[Event "Wellington CC-chB"]
[Site "Wellington"]
[Date "2016.09.22"]
[Round "3"]
[White "Coghini, Phillip G"]
[Black "Aldridge, Alan L"]
[Result "1/2-1/2"]
[WhiteElo "1872"]
[BlackElo "1979"]
[PlyCount "86"]
[EventDate "2016.09.08"]
[EventType "tourn"]
[EventRounds "11"]
[EventCountry "NZL"]
[SourceTitle "EXT 2018"]
[Source "ChessBase"]
[SourceDate "2017.10.13"]
[SourceVersion "1"]
[SourceVersionDate "2017.10.13"]
[SourceQuality "1"]

1. d4 Nf6 2. c4 c5 3. d5 b5 4. cxb5 a6 5. bxa6 Bxa6 6. Nc3 g6 7. e4 Bxf1 8. Kxf1 d6 9. g3 Bg7 10. Kg2 0-0 11. Nf3 Nbd7 12. a4 Nb6 13. Qd3 Qc7 14. h3 Rfb8 15. Be3 c4 16. Qc2 Ra5 17. Nd4 Ra6 18. Nc6 Rb7 19. Nb5 Qd7 20. Bxb6 Rbxb6 21. Qxc4 e6 22. Nb4 exd5 23. exd5 Ra8 24. Nc6 Nxd5 25. Qxd5 Qxc6 26. Qxc6 Rxc6 27. Rhb1 d5 28. a5 Rc5 29. Nc3 Rcxa5 30. Rxa5 Rxa5 31. b4 Ra7 32. Nxd5 Kf8 33. b5 Ke8 34. b6 Rb7 35. Rd1 f5 36. Kf3 h6 37. Kf4 Kd7 38. Nf6+ Kc6 39. Ne8 Bf8 40. Rc1+ Kd5 41. Nc7+ Kd6 42. Nb5+ Kd5 43. Nc7+ Kd6 1/2-1/2

[Event "Wellington Mazur Memorial"]
[Site "Wellington"]
[Date "2016.08.11"]
[Round "5"]
[White "Aldridge, Alan L"]
[Black "Sellen, Ian"]
[Result "0-1"]
[WhiteElo "1992"]
[BlackElo "2116"]
[PlyCount "98"]
[EventDate "2016.07.21"]
[EventType "swiss"]
[EventRounds "8"]
[EventCountry "NZL"]
[SourceTitle "EXT 2018"]
[Source "ChessBase"]
[SourceDate "2017.10.13"]
[SourceVersion "1"]
[SourceVersionDate "2017.10.13"]
[SourceQuality "1"]

1. d4 d5 2. c4 e6 3. Nc3 Nf6 4. Nf3 Be7 5. e3 Nbd7 6. Bd3 0-0 7. 0-0 b6 8. b3 Bb7 9. Bb2 c5 10. Qe2 a6 11. Rac1 dxc4 12. bxc4 Qc7 13. Ng5 h6 14. Nge4 Nxe4 15. Nxe4 Nf6 16. f3 Nd7 17. Bb1 f5 18. Nc3 Bf6 19. Rfd1 Rfe8 20. Qd3 Rad8 21. Ne2 Bxf3 22. gxf3 Ne5 23. dxe5 Rxd3 24. Rxd3 Bxe5 25. Bxe5 Qxe5 26. Rcd1 g5 27. Ng3 Kf7 28. Kf2 Re7 29. R3d2 h5 30. Bd3 h4 31. Nf1 Rd7 32. Be2 Rxd2 33. Rxd2 Ke7 34. Rd1 Qb2 35. Rd2 Qb4 36. Rd1 Qa5 37. Rd2 b5 38. cxb5 axb5 39. Rb2 c4 40. Bd1 b4 41. Rc2 b3 42. axb3 cxb3 43. Re2 Qc3 44. Nd2 b2 45. Nb1 Qc1 46. Bc2 Qh1 47. Bd3 Qxh2+ 48. Ke1 Qg1+ 49. Kd2 Qc1# 0-1

[Event "Wellington Mazur Memorial"]
[Site "Wellington"]
[Date "2016.07.28"]
[Round "3"]
[White "Wight, Joshua"]
[Black "Aldridge, Alan L"]
[Result "0-1"]
[WhiteElo "1534"]
[BlackElo "1992"]
[PlyCount "118"]
[EventDate "2016.07.21"]
[EventType "swiss"]
[EventRounds "8"]
[EventCountry "NZL"]
[SourceTitle "EXT 2018"]
[Source "ChessBase"]
[SourceDate "2017.10.13"]
[SourceVersion "1"]
[SourceVersionDate "2017.10.13"]
[SourceQuality "1"]

1. e4 e5 2. Nf3 Nc6 3. Bb5 a6 4. Bxc6 dxc6 5. b3 Bd6 6. Bb2 Qe7 7. h3 Nf6 8. d3 0-0 9. 0-0 Nh5 10. Nbd2 b5 11. a4 Nf4 12. Kh2 f6 13. Re1 Qf7 14. Ng1 Qg6 15. g3 Ne6 16. Ndf3 Ng5 17. Nh4 Qf7 18. Nhf3 Bd7 19. Rf1 Ne6 20. Qd2 c5 21. axb5 axb5 22. Ra5 Rxa5 23. Qxa5 Nd4 24. Nxd4 exd4 25. Kg2 f5 26. exf5 Bc6+ 27. Kh2 Qd5 28. f3 Qxf5 29. Qd2 Qg6 30. Qe1 Re8 31. Qf2 h5 32. h4 Qf6 33. Bc1 Qxh4+ 34. Kg2 Qe7 35. Bd2 Qf6 36. Nh3 Re5 37. Bg5 Rxg5 38. Nxg5 Qxg5 39. Rh1 g6 40. Rh4 Qe5 41. Rh3 Bd5 42. Rh1 c4 43. Re1 Qf6 44. dxc4 bxc4 45. bxc4 Bxc4 46. Re4 c5 47. c3 Bd5 48. Re2 dxc3 49. Rc2 Bb3 50. Rc1 Qg5 51. f4 Qf6 52. Qf3 c4 53. Rxc3 Qd4 54. Rc1 Qd2+ 55. Kh3 Qxc1 56. Qd5+ Kg7 57. f5 Qf1+ 58. Kh2 Qf2+ 59. Qg2 Qxg3+ 0-1

[Event "Wellington Mazur Memorial"]
[Site "Wellington"]
[Date "2016.07.21"]
[Round "2"]
[White "Aldridge, Alan L"]
[Black "Dive, Russell John"]
[Result "0-1"]
[WhiteElo "1992"]
[BlackElo "2452"]
[PlyCount "58"]
[EventDate "2016.07.21"]
[EventType "swiss"]
[EventRounds "8"]
[EventCountry "NZL"]
[SourceTitle "EXT 2018"]
[Source "ChessBase"]
[SourceDate "2017.10.13"]
[SourceVersion "1"]
[SourceVersionDate "2017.10.13"]
[SourceQuality "1"]

1. d4 Nf6 2. c4 e6 3. Nc3 Bb4 4. a3 Bxc3+ 5. bxc3 d6 6. Qc2 e5 7. e4 Nc6 8. Bb2 0-0 9. Bd3 Qe8 10. 0-0-0 b6 11. f4 exf4 12. h3 Ba6 13. Nf3 Nh5 14. Rhe1 Na5 15. e5 g6 16. exd6 Qd8 17. c5 Bxd3 18. Qxd3 cxd6 19. cxd6 Qxd6 20. Ne5 Rac8 21. Kb1 Qd5 22. Qe4 Qd6 23. Nd3 Nc4 24. Qe7 Qd5 25. Qe4 Qb5 26. Qe7 a5 27. Rc1 Rce8 28. a4 Qxa4 29. Qc7 Nd2# 0-1

[Event "Wellington CC Autumn Cup-C"]
[Site "Wellington"]
[Date "2016.05.26"]
[Round "6"]
[White "Barraza Perez, Jesus"]
[Black "Aldridge, Alan L"]
[Result "1/2-1/2"]
[WhiteElo "1925"]
[BlackElo "1992"]
[PlyCount "101"]
[EventDate "2016.04.21"]
[EventType "tourn"]
[EventRounds "5"]
[EventCountry "NZL"]
[SourceTitle "EXT 2018"]
[Source "ChessBase"]
[SourceDate "2017.10.13"]
[SourceVersion "1"]
[SourceVersionDate "2017.10.13"]
[SourceQuality "1"]

1. c4 c5 2. Nc3 Nf6 3. e3 g6 4. d4 Bg7 5. g4 0-0 6. h4 cxd4 7. exd4 d6 8. g5 Nfd7 9. Be3 Nc6 10. Nf3 e5 11. d5 Nd4 12. Nxd4 exd4 13. Bxd4 Re8+ 14. Be2 Ne5 15. Kf1 Qd7 16. Ne4 Qe7 17. Nf6+ Bxf6 18. gxf6 Qxf6 19. Qd2 Qf5 20. Bxe5 Qxe5 21. Re1 Bf5 22. h5 Qe4 23. f3 Qe3 24. Qxe3 Rxe3 25. Kf2 Rae8 26. hxg6 fxg6 27. Bd1 Rxe1 28. Rxe1 Rxe1 29. Kxe1 g5 30. b4 b6 31. Kf2 Kf7 32. Kg3 Bd3 33. Bb3 Kf6 34. f4 gxf4+ 35. Kxf4 h5 36. a4 h4 37. Kg4 Ke5 38. a5 bxa5 39. c5 dxc5 40. bxc5 Bb5 41. Kxh4 a4 42. Ba2 Be8 43. Kg5 a5 44. Kg4 Bg6 45. Kf3 Bd3 46. Ke3 Bc2 47. d6 Bf5 48. Bc4 Bd7 49. Kd3 Bc6 50. Kc3 Bd7 51. Kd3 1/2-1/2

[Event "NZL-ch Major op"]
[Site "Devonport"]
[Date "2016.01.03"]
[Round "2"]
[White "Cooper, Nigel"]
[Black "Aldridge, Alan L"]
[Result "0-1"]
[WhiteElo "1692"]
[BlackElo "1865"]
[PlyCount "44"]
[EventDate "2016.01.02"]
[EventType "swiss"]
[EventRounds "9"]
[EventCountry "NZL"]
[SourceTitle "EXT 2018"]
[Source "ChessBase"]
[SourceDate "2017.10.13"]
[SourceVersion "1"]
[SourceVersionDate "2017.10.13"]
[SourceQuality "1"]

1. e4 e5 2. Nf3 Nc6 3. Bc4 Bc5 4. b4 Bxb4 5. c3 Ba5 6. d4 exd4 7. 0-0 Nf6 8. e5 d5 9. exd6 0-0 10. dxc7 Qxc7 11. cxd4 Bg4 12. Bb2 Nb4 13. Qb3 Bxf3 14. gxf3 Rad8 15. Nc3 Nc6 16. Nb5 Qd7 17. Rad1 Nd5 18. Bxd5 Qxd5 19. Qxd5 Rxd5 20. Na3 Bb6 21. Nc4 Bxd4 22. Ne3 Rg5+ 0-1

[Event "Wellington CC Summer Cup"]
[Site "Wellington"]
[Date "2015.04.09"]
[Round "8"]
[White "Timergazi, Layla"]
[Black "Aldridge, Alan L"]
[Result "1-0"]
[WhiteElo "2074"]
[BlackElo "1966"]
[PlyCount "47"]
[EventDate "2015.02.05"]
[EventType "swiss"]
[EventRounds "8"]
[EventCountry "NZL"]
[SourceTitle "EXT 2018"]
[Source "ChessBase"]
[SourceDate "2017.10.13"]
[SourceVersion "1"]
[SourceVersionDate "2017.10.13"]
[SourceQuality "1"]

1. e4 e5 2. Nf3 Nc6 3. Bc4 Bc5 4. c3 Nf6 5. d3 d6 6. h3 0-0 7. Bg5 Be6 8. Bb3 h6 9. Bh4 Qe7 10. Bc2 d5 11. Qe2 dxe4 12. dxe4 a6 13. Nbd2 b5 14. g4 Rab8 15. b4 Bb6 16. g5 hxg5 17. Bxg5 a5 18. a3 axb4 19. axb4 Nd8 20. Nxe5 c5 21. Nd3 Bc4 22. e5 Bxd3 23. Bxd3 Re8 24. exf6 1-0

[Event "Wellington CC-chB"]
[Site "Wellington"]
[Date "2014.10.30"]
[Round "6"]
[White "Jackson, L Ross"]
[Black "Aldridge, Alan L"]
[Result "1-0"]
[WhiteElo "1984"]
[BlackElo "1951"]
[PlyCount "77"]
[EventDate "2014.09.25"]
[EventType "tourn"]
[EventRounds "9"]
[EventCountry "NZL"]
[SourceTitle "EXT 2018"]
[Source "ChessBase"]
[SourceDate "2017.10.13"]
[SourceVersion "1"]
[SourceVersionDate "2017.10.13"]
[SourceQuality "1"]

1. d4 Nf6 2. c4 e6 3. Nc3 Bb4 4. Nf3 0-0 5. Bg5 h6 6. Bh4 d5 7. e3 c5 8. a3 Bxc3+ 9. bxc3 Nbd7 10. cxd5 exd5 11. Nd2 Qa5 12. Qc2 cxd4 13. cxd4 Ne4 14. f3 Nxd2 15. Qxd2 Qxd2+ 16. Kxd2 g5 17. Bg3 f5 18. Bd3 Nb8 19. Rac1 Nc6 20. Rc5 Be6 21. Rb1 Rf7 22. Bb5 Rc8 23. Rbc1 f4 24. Bf2 Ne7 25. Rxc8+ Nxc8 26. exf4 Nd6 27. Bf1 gxf4 28. Re1 Re7 29. Bh4 Re8 30. Bf6 h5 31. Be5 Nf5 32. g3 fxg3 33. hxg3 Ng7 34. Bb5 Re7 35. Bf6 Rf7 36. Bxg7 Kxg7 37. Rxe6 Rxf3 38. Re3 Rf2+ 39. Be2 1-0